| 000 | nam a22 7a 4500 | ||
|---|---|---|---|
| 999 |
_c28809 _d28809 |
||
| 008 | 170322b xxu||||| |||| 00| 0 eng d | ||
| 020 | _a0973116625 | ||
| 050 | _aQM 25 .C65 2004 | ||
| 100 | _aEasteal, Ron | ||
| 245 | _aA collection of human anatomy images / | ||
| 260 |
_aCampus Bookstore, : _bQueens university , _c2004 . |
||
| 300 |
_aVarious paging _bill, ; |
||
| 500 | _aincludes index | ||
| 942 |
_2lcc _cBOOKS _hQM 25 .C65 2004 |
||